| 000 | 00959nam a22002897a 4500 | ||
|---|---|---|---|
| 999 |
_c697 _d697 |
||
| 001 | 003525 | ||
| 003 | CoMeUDC003525 | ||
| 005 | 20190114180103.0 | ||
| 008 | 810831s1979 ck b 001 0 spa | ||
| 010 | _a 80110478 | ||
| 020 | _a8482721011 (pbk.) | ||
| 040 |
_aDLC _cCoMeUDC _dDLC |
||
| 043 | _as-ck--- | ||
| 050 | 0 | 0 |
_aKHH1166.S42 _bE87 1979 |
| 082 | 0 | 0 |
_a346.082 _219 _bE77 |
| 100 | 1 | _aEspriella Ossío, Alfonso de la. | |
| 245 | 1 | 3 |
_aEl secreto bancario / _cAlfonso de la Espriella Ossío ; [prólogo de Alfonso López Michelsen]. |
| 260 |
_aBogotá, Colombia : _bEditorial Temis Librería, _c1979. |
||
| 300 |
_axvi, 160 p. ; _c24 cm. |
||
| 500 | _aIncludes indexes. | ||
| 504 | _aBibliography: p. [149]-150. | ||
| 650 | 0 |
_aSecreto bancario. _xComunicaciones confidenciales. _zColombia. _91037 |
|
| 650 | 0 |
_aConfidential communications _xBancos. |
|
| 906 |
_a7 _bcbc _corignew _d4 _encip _f19 _gy-gencatlg |
||
| 942 |
_2ddc _cBK |
||